| Поле | Инд. | ПП | Название | Значение |
|---|---|---|---|---|
| Тип записи | a | |||
| Библиографический уровень | b | |||
| 001 | Контрольный номер | RU/IS/BASE/185463922 | ||
| 005 | Дата корректировки | 20220715140350.2 | ||
| 008 | Кодируемые данные | 20051116 | ||
| 084 | a | Индекс другой классификации/Индекс ББК | 63.3(2)622-08 | |
| a | Индекс другой классификации/Индекс ББК | 66.3(2Рос),15 | ||
| 100 | 1_ | a | Автор | Тюшкевич С. А. |
| 245 | a | Заглавие | Духовный потенциал Великой Победы | |
| 504 | a | Библиография | Библиогр. ссылки. - Примеч. | |
| 650 | a | Основная рубрика | внутренняя политика | |
| a | Основная рубрика | история | ||
| a | Основная рубрика | политика | ||
| 653 | a | Ключевые слова | XX век | |
| a | Ключевые слова | антигитлеровская коалиция | ||
| a | Ключевые слова | Великая Отечественная война 1941-1945 | ||
| a | Ключевые слова | Вторая мировая война 1939-1945 | ||
| a | Ключевые слова | Германия | ||
| a | Ключевые слова | международные отношения | ||
| a | Ключевые слова | новейшее время | ||
| a | Ключевые слова | общественное самосознание | ||
| a | Ключевые слова | общественное сознание | ||
| a | Ключевые слова | патриотизм | ||
| a | Ключевые слова | патриотическое воспитание | ||
| a | Ключевые слова | политическая культура | ||
| a | Ключевые слова | Россия | ||
| a | Ключевые слова | советский период | ||
| a | Ключевые слова | СССР | ||
| 773 | t | Заглавие источника | Вестник Московского университета. Серия 18, Социология и политология | |
| d | Дата издания источника | 2005 | ||
| g | Прочая информация | № 2. - С. 3 - 19 | ||
| w | Контрольный № источника | RU/IS/BASE/177609356 | ||
| 901 | t | Тип документа | b |